[Event "GER-ch U25 op-C"]
[Site "Willingen"]
[Date "2024.05.23"]
[Round "7"]
[White "Nguyen, Oliver Dung"]
[Black "Piotrowski, Jaro"]
[Result "1-0"]
[WhiteElo "1017"]
[BlackElo "1223"]
[PlyCount "71"]
[EventDate "2024.05.19"]
[EventType "swiss"]
[EventRounds "9"]
[EventCountry "GER"]
[SourceTitle "EXT 2025"]
[Source "ChessBase"]
[SourceDate "2024.10.14"]
[SourceVersion "1"]
[SourceVersionDate "2024.10.14"]
[SourceQuality "1"]

1. e4 e5 2. Nf3 Nc6 3. Bb5 Nf6 4. d3 Bb4+ 5. c3 Ba5 6. Nbd2 a6 7. Bxc6 dxc6 8. Nxe5 Be6 9. 0-0 0-0 10. Ndf3 Bb6 11. h3 Nd7 12. Nxd7 Qxd7 13. Ng5 Rad8 14. Nxe6 Qxe6 15. Re1 Qf6 16. Be3 Bxe3 17. Rxe3 c5 18. Qc2 Rfe8 19. Rf3 Qc6 20. a3 c4 21. Re1 cxd3 22. Rxd3 Rxd3 23. Qxd3 f5 24. e5 Re6 25. Qxf5 Rg6 26. Qe4 Qe6 27. Qxb7 Qxh3 28. Qb8+ Kf7 29. Qxc7+ Ke8 30. Qb8+ Ke7 31. Qb7+ Kf8 32. Rd1 Qh4 33. Qc8+ Kf7 34. Rd7+ Ke6 35. Rd4+ Kxe5 36. Rxh4 1-0

[Event "GER-ch U25 op-C"]
[Site "Willingen"]
[Date "2024.05.22"]
[Round "6"]
[White "Prokscha, Marlene"]
[Black "Nguyen, Oliver Dung"]
[Result "1-0"]
[WhiteElo "1230"]
[BlackElo "1017"]
[PlyCount "98"]
[EventDate "2024.05.19"]
[EventType "swiss"]
[EventRounds "9"]
[EventCountry "GER"]
[SourceTitle "EXT 2025"]
[Source "ChessBase"]
[SourceDate "2024.10.14"]
[SourceVersion "1"]
[SourceVersionDate "2024.10.14"]
[SourceQuality "1"]

1. d4 Nf6 2. Nf3 d5 3. Bf4 e6 4. e3 c5 5. c3 Nc6 6. Nbd2 Nh5 7. Be2 Nxf4 8. exf4 Bd6 9. g3 Qb6 10. Qb3 Qxb3 11. Nxb3 b6 12. Bb5 Bd7 13. dxc5 Bxc5 14. Nxc5 bxc5 15. 0-0-0 Ne7 16. Bxd7+ Kxd7 17. c4 Ke8 18. cxd5 Nxd5 19. Rhe1 Rd8 20. f5 Ke7 21. fxe6 fxe6 22. Ng5 Kf6 23. Nxe6 Rde8 24. Rxd5 Rxe6 25. Rxe6+ Kxe6 26. Rxc5 Kd6 27. Ra5 Rf8 28. f4 Rf7 29. Kd2 Kc6 30. f5 Kb6 31. Re5 a5 32. a4 Rd7+ 33. Kc3 Rc7+ 34. Kb3 Rd7 35. Re3 Kc5 36. Re5+ Kb6 37. Re2 Kc5 38. Kc3 Rc7 39. Re6 Kd5+ 40. Kd3 Rb7 41. Kc2 g6 42. Ra6 gxf5 43. Rxa5+ Ke4 44. Rc5 f4 45. gxf4 Kxf4 46. h4 Kg4 47. h5 Rf7 48. a5 Rf2+ 49. Kb3 Rf8 1-0